000 00400nam a2200181Ia 4500
005 20250603145525.0
008 250603s9999 xx 000 0 und d
020 _a97801238470003
050 _aTJ 930 .
100 _aParisher, Roy A.
245 0 _aPipe drafting and design
260 _aOxford
260 _bElsevier
260 _c2012
300 _a463 p
650 _aOxford
942 _cBK
999 _c42107
_d42107